000 00436nam a2200169Ia 4500
008 131103s9999 xx 000 0 und d
040 _aLoreto College
041 _aEnglish
082 _aREF
_bLCBED/5611
100 _aDickens, Fr.
245 _aMother show me how to help myself
_cFr. Dickens
260 _aLondon
_bRoger Schlesinger
_c1975
300 _a23p.
_b ill.
_c 21cm.
650 _aREF
850 _aLCBED/REF
942 _cBK
999 _c34006
_d84485